Učení mučení / Daniel Pennac ; [z francouzského originálu ... přeložila Drahoslava Janderová]
Record details
- ISBN: 978-80-7515-001-1
- Physical Description: 205 s. ; 20 cm
- Edition: 1. vyd.
- Publisher: Praha : Baobab, 2014
Content descriptions
| Bibliography, etc. Note: | Obsahuje bibliografii |
Search for related items by subject
| Genre: | francouzské romány French fiction |
Available copies
- 1 of 1 copy available at Common Catalog SPOK.
Holds
- 0 current holds with 1 total copy.
Show Only Available Copies
| Location | Call Number / Copy Notes | Barcode | Shelving Location | Status | Due Date |
|---|---|---|---|---|---|
| Varianty | GRV Met Pe | 4605400130 | Šafaříkova 17 - 5. patro, GRV | Available | - |
| LDR | 01073cam a2200337 a 4500 | ||
|---|---|---|---|
| 001 | 31324 | ||
| 003 | CZ-PrJAB | ||
| 005 | 20190313133537.0 | ||
| 007 | ta | ||
| 008 | 141021s2014 xr g 000 f cze d | ||
| 015 | . | ‡acnb002648056 | |
| 020 | . | ‡a978-80-7515-001-1 ‡q(brož.) | |
| 035 | . | ‡a(CZ PrNK)nkc20142648056 | |
| 035 | . | ‡a(OCoLC)904579407 | |
| 040 | . | ‡aULG001 ‡bcze ‡dBOA001 ‡dOLA001 ‡dABA001 | |
| 041 | 1 | . | ‡acze ‡hfre |
| 072 | 7. | ‡a821.133.1-3 ‡xFrancouzská próza, francouzsky psaná ‡2Konspekt ‡925 | |
| 080 | . | ‡a821.133.1-31 ‡2MRF | |
| 080 | . | ‡a(0:82-31) ‡2MRF | |
| 100 | 1 | . | ‡aPennac, Daniel, ‡d1944- ‡7xx0002480 ‡4aut |
| 245 | 1 | 0. | ‡aUčení mučení / ‡cDaniel Pennac ; [z francouzského originálu ... přeložila Drahoslava Janderová] |
| 250 | . | ‡a1. vyd. | |
| 260 | . | ‡aPraha : ‡bBaobab, ‡c2014 | |
| 300 | . | ‡a205 s. ; ‡c20 cm | |
| 504 | . | ‡aObsahuje bibliografii | |
| 655 | 7. | ‡afrancouzské romány ‡7fd132289 ‡2czenas | |
| 655 | 9. | ‡aFrench fiction ‡2eczenas | |
| 765 | 0 | . | ‡tChagrin d'école ‡9Česky |
| 910 | . | ‡aABH006 | |
| 901 | . | ‡a31324 ‡b ‡c31324 ‡tbiblio | |